[Event "Amsterdam Euwe Memorial"]
[Site "Amsterdam"]
[Date "1991.??.??"]
[Round "1"]
[White "Short, Nigel D"]
[Black "Timman, Jan H"]
[Result "1-0"]
[WhiteElo "2635"]
[BlackElo "2630"]
[Annotator "Knaak,R"]
[PlyCount "57"]
[EventDate "1991.05.??"]
[EventType "tourn"]
[EventRounds "9"]
[EventCountry "NED"]
[EventCategory "16"]
[SourceTitle "CBM 023"]
[Source "ChessBase"]
[SourceDate "1991.08.01"]
[SourceVersion "1"]
[SourceVersionDate "1991.08.01"]
[SourceQuality "1"]

1. e4 e6 2. d4 d5 3. Nc3 Bb4 4. e5 c5 5. a3 Ba5 6. Qg4 Ne7 7. dxc5 Bxc3+ 8.
bxc3 Qa5 9. Bd2 Ng6 10. h4 h5 11. Qg5 Nd7 12. c4 Qa4 13. cxd5 Ndxe5 {N} (13...
Qe4+ 14. Ne2 Qxd5 {(ich empfahl 14...Nde5)} 15. f4 $14 {Short-Lputian/Manila
izt/1990/CBM 19}) 14. Be2 Qe4 15. O-O-O $1 $14 {^^} O-O 16. Bc3 f6 17. Qd2 Qxg2
18. Nh3 exd5 19. Bxh5 Nc4 20. Qd4 Nge5 21. Nf4 Qe4 22. Qxd5+ Qxd5 23. Nxd5 Kh7
24. Rhg1 Bf5 25. Ne7 Be4 26. Rd4 Bf3 27. Bg6+ Kh8 28. h5 Rad8 29. Rh4 1-0

[Event "Interzonal-14a"]
[Site "Subotica"]
[Date "1987.??.??"]
[Round "12"]
[White "Tal, Mihail"]
[Black "Short, Nigel D"]
[Result "1/2-1/2"]
[WhiteElo "2605"]
[BlackElo "2615"]
[Annotator "Knaak,R"]
[PlyCount "46"]
[EventDate "1987.06.??"]
[EventType "tourn"]
[EventRounds "17"]
[EventCountry "YUG"]
[EventCategory "11"]
[SourceTitle "CBM 003"]
[Source "ChessBase"]
[SourceDate "1988.04.01"]
[SourceVersion "1"]
[SourceVersionDate "1988.04.01"]
[SourceQuality "1"]

1. e4 e6 2. d4 d5 3. Nc3 Bb4 4. e5 c5 5. a3 Bxc3+ 6. bxc3 Ne7 7. Qg4 O-O 8. Nf3
Nbc6 9. Bd3 f5 10. exf6 Rxf6 11. Bg5 Rf7 12. Bxe7 Rxe7 13. Qh4 g6 14. O-O c4
15. Be2 Bd7 16. Rfe1 Qf8 17. Bd1 {/\ Ne5, Bg4 (Tal)} (17. Bf1) 17... Rae8 18.
Ne5 (18. Qg3 $5 {(Tal)}) 18... Nxe5 19. Rxe5 Ba4 $2 (19... Kg7 {/\ Qf6}) 20.
Bf3 $2 (20. Qg5 {/\ Qd2, Bg4} Kg7 21. Qd2 h5 22. Rg5 $16 {(Tal)}) 20... Kg7 $1
(20... Bxc2 $2 21. Rae1 {/\ Bd5} h6 22. Bxd5 g5 23. Rxe6 $18 {(Tal)}) 21. Qg5
Bxc2 22. Rae1 Qf6 23. Qe3 Kf8 (23... Kf7 24. g4 $5) (23... Kf8 24. Qh6+ Kg8 25.
Qe3 {(Tal)}) 1/2-1/2

[Event "USA-ch"]
[Site "Long Beach"]
[Date "1993.??.??"]
[Round "1"]
[White "Shabalov, Alexander"]
[Black "Gulko, Boris F"]
[Result "1-0"]
[WhiteElo "2590"]
[BlackElo "2635"]
[Annotator "Knaak,R"]
[PlyCount "59"]
[EventDate "1993.12.??"]
[EventType "tourn"]
[EventRounds "11"]
[EventCountry "USA"]
[EventCategory "14"]
[SourceTitle "CBM 039"]
[Source "ChessBase"]
[SourceDate "1994.04.01"]
[SourceVersion "1"]
[SourceVersionDate "1994.04.01"]
[SourceQuality "1"]

1. e4 {Kortschnoj} e6 2. d4 d5 3. Nc3 Bb4 4. e5 c5 5. a3 Bxc3+ 6. bxc3 Ne7 7.
Qg4 Qc7 8. Bd3 cxd4 9. Ne2 dxc3 (9... Qxe5 {Polgar,J-Knaak,R/TV-game/1990/}) (
9... h5 $5 {Polgar,J-Timman,J/Paris immopar/1992/}) 10. Qxg7 Rg8 11. Qxh7 Nbc6
12. Bf4 Bd7 13. O-O O-O-O 14. Rfe1 Nxe5 15. Bg3 Rxg3 $146 {?! Kortschnoj} (
15... N7c6 16. Nxc3 Nd4 $1 (16... Qa5 $13 {Kortschnoj}) 17. Ne2 Ndf3+ $2 (17...
Ndc6 {(Rodriguez)}) 18. gxf3 Nxf3+ 19. Kg2 Nxe1+ 20. Rxe1 e5 21. Bf5 $16 {
Rodriguez,Am-Paneque,P/La Habana/1990/}) (15... Nf5 16. Bxf5 exf5 17. Qh4 $1
Ng6 (17... Rg4 $2 18. Qf6 Re4 19. f3 $18) 18. Qb4 $14 {Szalanczy,E-Uhlmann,W/
Budapest op/1987/}) 16. Nxg3 Bc6 (16... Ba4 $2 17. Rxe5 $1 Qxe5 18. Qh4 $18)
17. Rad1 N7g6 (17... d4 $5 18. Qg7 Rd5 $14) (17... f6 18. Qg7 $16) 18. Qg7 $1 {
>< Pc3} Nxd3 (18... Ba4 $5 19. Ne2 $1 Rh8 20. h3 f5 21. Qxc7+ Kxc7 22. Nxc3 Bd7
$14) 19. Rxd3 $16 Nf4 20. Rxc3 d4 21. Rc4 Qa5 {?! Kortschnoj} (21... Nxg2 $5 {
Kortschnoj} 22. Re4 f5 23. Qxc7+ Kxc7 24. Rexd4 Rxd4 25. Rxd4 Ne1 26. Kf1 Nf3
$14) 22. Re4 Qxa3 23. Nf1 Qd6 (23... Qc1 24. Qxf7 $18) 24. Ng3 (24. Rcxd4 $2
Ne2+ 25. Rxe2 Qxd4 26. Qxf7 Bd5 $13) 24... Qa3 25. h4 $18 d3 26. cxd3 Nxd3 27.
Red4 Rd5 28. Rxd5 exd5 29. Rc3 Qa1+ 30. Kh2 1-0

[Event "Hafnarfirdi"]
[Site "Hafnarfirdi"]
[Date "1992.??.??"]
[Round "8"]
[White "Howell, James C"]
[Black "Jonsson, Bjorgvin"]
[Result "0-1"]
[WhiteElo "2465"]
[BlackElo "2420"]
[Annotator "Knaak,R"]
[PlyCount "52"]
[EventDate "1992.03.??"]
[EventType "tourn"]
[EventRounds "11"]
[EventCountry "ISL"]
[EventCategory "7"]
[SourceTitle "CBM 029"]
[Source "ChessBase"]
[SourceDate "1992.08.01"]
[SourceVersion "1"]
[SourceVersionDate "1992.08.01"]
[SourceQuality "1"]

1. e4 e6 2. d4 d5 3. Nc3 Bb4 4. e5 c5 5. a3 Bxc3+ 6. bxc3 Ne7 7. Qg4 Qc7 8.
Qxg7 Rg8 9. Qxh7 cxd4 10. Ne2 Nbc6 11. f4 Bd7 12. Qd3 dxc3 13. Qxc3 Nf5 14. Rb1
O-O-O 15. Rg1 d4 16. Qd3 f6 17. g4 Nh4 18. Qg3 {N} (18. exf6 e5 19. f5 e4 $1
20. Qxe4 Rge8 21. Qd3 Ne5 22. Qb3 d3 $19 {B. Nikolic-Plchut/corr/1989/i47/377})
18... Rh8 19. exf6 e5 20. f5 Qa5+ $1 21. Bd2 Qc5 22. Bg5 (22. Rc1 e4 $17) 22...
e4 $1 23. Bxh4 e3 24. Bg2 (24. Rc1 Rxh4 25. Qxh4 (25. Bg2 $5) 25... Qa5+ 26. c3
d3 27. Rd1 Ne5 28. Bg2 Ba4 $19) 24... Qxc2 $19 25. Rd1 Rxh4 $1 26. Nf4 (26.
Qxh4 d3 27. Nf4 Nd4 28. Rxd3 Qc1+ 29. Rd1 Qc3+ 30. Kf1 Bb5+ $19) 26... Rxg4 $1
(26... Rxg4 27. Qxg4 (27. Qf3 Qf2+ 28. Qxf2 exf2+ 29. Kxf2 Rxf4+ $19) 27...
Qf2#) 0-1

[Event "Interpolis"]
[Site "Tilburg"]
[Date "1992.10.18"]
[Round "4.2"]
[White "Smirin, Ilia"]
[Black "Short, Nigel D"]
[Result "1-0"]
[WhiteElo "2555"]
[BlackElo "2680"]
[Annotator "Knaak,R"]
[PlyCount "79"]
[EventDate "1992.10.08"]
[EventType "k.o."]
[EventRounds "7"]
[EventCountry "NED"]
[SourceTitle "CBM 032"]
[Source "ChessBase"]
[SourceDate "1993.02.01"]
[SourceVersion "1"]
[SourceVersionDate "1993.02.01"]
[SourceQuality "1"]

1. e4 e6 2. d4 d5 3. Nc3 Bb4 4. e5 c5 5. a3 Bxc3+ 6. bxc3 Ne7 7. Qg4 Qc7 8.
Qxg7 Rg8 9. Qxh7 cxd4 10. Ne2 Nbc6 11. f4 Bd7 12. Qd3 dxc3 13. Rb1 d4 14. Ng3
O-O-O 15. Ne4 $2 (15. Be2) 15... Nxe5 $1 16. fxe5 Qxe5 17. Qe2 Bc6 18. Ng3 Qh8
$5 (18... Qd5 19. Qc4 Qd6 20. Ne2 e5 21. g3 Kb8 22. Rg1 Ka8 23. Bg2 Nd5 $17 {
Tarasov-Hajduk/Leningrad/1951}) 19. Qf2 Rg6 20. Bd3 Rf6 21. Qe2 Rd5 22. Ne4
Rff5 23. Kd1 Ng6 24. g3 Rfe5 $17 25. Qg4 f5 $1 (25... Ne7 26. Qh4) (25... Be8
26. Ng5 f5 27. Qf3) 26. Qxg6 fxe4 27. Bc4 e3 $1 {/\ 28...Be8-+} (27... Be8 28.
Qh6) 28. Rf1 d3 $5 (28... Qxh2 29. Rf8+ Kc7 30. Rf7+ Bd7 31. Ke1 e2 $17) (28...
Be8 29. Qf6 Qxh2 $19 {/\ 30...e2, 30...d3}) 29. Bxe3 $8 (29. Bxd3 e2+ $19)
29... dxc2+ (29... Be8 $5) 30. Kxc2 Rxe3 31. Bxd5 $6 Bxd5 $2 (31... Qxh2+ 32.
Kb3 c2+ 33. Kb2 Qh8+ $3 $19) 32. Kc1 $1 Re2 33. Rb5 $16 Bc6 34. Rc5 Qd8 35. Rd1
Re1 36. Qc2 Rxd1+ 37. Qxd1 Qf6 38. Qd6 Qh6+ 39. Kc2 Qe3 40. Rxc3 1-0

[Event "Linares 10th"]
[Site "Linares"]
[Date "1992.??.??"]
[Round "4"]
[White "Kasparov, Garry"]
[Black "Anand, Viswanathan"]
[Result "1/2-1/2"]
[WhiteElo "2780"]
[BlackElo "2670"]
[Annotator "Knaak,R"]
[PlyCount "67"]
[EventDate "1992.02.??"]
[EventType "tourn"]
[EventRounds "13"]
[EventCountry "ESP"]
[EventCategory "17"]
[SourceTitle "CBM 028"]
[Source "ChessBase"]
[SourceDate "1992.06.01"]
[SourceVersion "1"]
[SourceVersionDate "1992.06.01"]
[SourceQuality "1"]

1. e4 e6 2. d4 d5 3. Nc3 Bb4 4. e5 c5 5. a3 Bxc3+ 6. bxc3 Ne7 7. h4 Nbc6 8. h5
Qa5 9. Bd2 cxd4 $6 (9... h6 10. Qg4 Bd7 $1 11. Qxg7 O-O-O $13) 10. cxd4 Qa4 11.
Nf3 $5 {N} (11. Bc3 b6 12. h6 gxh6 13. Qd3 a5 14. Qd2 Nf5 15. Rb1 Ncxd4 16. Kd1
Rg8 17. Rxb6 Bd7 18. Bxd4 Qxd4 19. Qxd4 Nxd4 $13 {Short-Kortschnoj/Wijk/1987})
(11. c3 Qxd1+ 12. Kxd1 h6 13. Bd3 Bd7 14. f4 Na5 15. Nf3 Nc4 16. Ke2 Nb2 17.
Rab1 Nxd3 18. Kxd3 b6 19. g4 Bc8 20. Nh4 $14 {Van Riemsdijk-Vilela/Capablanca/
1991}) 11... Nxd4 12. Bd3 Nec6 13. Kf1 $1 {/\ 14.Rh4} Nxf3 14. Qxf3 b6 (14...
h6 $2 15. Qg3 Kf8 16. Rh4 d4 17. Rg4 Rg8 18. Bxh6 $18) (14... Nxe5 $2 15. Qg3
Qd4 (15... Nxd3 16. Qxg7 Rf8 17. Bh6 Qxc2 18. Qxf8+ Kd7 19. Qxf7+ Kc6 20. Rh3
$18) 16. Bc3 $1 Qxc3 17. Bb5+ $18) 15. h6 Ba6 $1 (15... g6 16. Qf6 {/\ 17.Rh4})
16. hxg7 Rg8 17. Bxa6 (17. Rxh7 $2 Qxc2 $19) (17. Qf6 $2 Bxd3+ 18. cxd3 Qd4 $17
) 17... Qxa6+ 18. Kg1 Rxg7 19. Qf6 Rg8 20. Rxh7 Qb7 21. Bg5 Nd4 $1 22. c4 $6
Ne2+ 23. Kh2 Nc3 $1 24. Rh8 Rxh8+ 25. Qxh8+ Kd7 26. Qh7 (26. Qg7 $5 Kc6 27.
cxd5+ Nxd5 (27... Kxd5 28. Qh7 $16) 28. Rc1+ Kb5 29. Qh7 $16) 26... Rf8 $1 27.
Bh6 Re8 28. Qxf7+ Re7 29. Qg6 (29. Qg8 $5 Qc7 30. Bg5 Qxe5+ 31. f4 Qg7 32. Qb8)
29... Qb8 $1 30. cxd5 $6 (30. f4 Qh8 31. g4) 30... Nxd5 31. Rd1 $6 (31. Re1 Qh8
32. g4 Rh7 33. g5 Re7 $13) (31. f4 $5 Qh8 32. Kg3 $1 (32. g4 Nxf4 $17) 32...
Rh7 33. Bg5 Rg7 34. Qe4 $14) 31... Qxe5+ $10 32. f4 Qh8 33. f5 Qe5+ 34. Kh1
1/2-1/2

[Event "Hafnarfirdi"]
[Site "Hafnarfirdi"]
[Date "1992.??.??"]
[Round "8"]
[White "Arnason, Jon Loftur"]
[Black "Stefansson, Hannes"]
[Result "1/2-1/2"]
[WhiteElo "2515"]
[BlackElo "2455"]
[Annotator "Knaak,R"]
[PlyCount "41"]
[EventDate "1992.03.??"]
[EventType "tourn"]
[EventRounds "11"]
[EventCountry "ISL"]
[EventCategory "7"]
[SourceTitle "CBM 029"]
[Source "ChessBase"]
[SourceDate "1992.08.01"]
[SourceVersion "1"]
[SourceVersionDate "1992.08.01"]
[SourceQuality "1"]

1. e4 e6 2. d4 d5 3. Nc3 Bb4 4. e5 c5 5. a3 Bxc3+ 6. bxc3 Ne7 7. h4 Nbc6 8. h5
h6 9. Qg4 Nf5 $6 (9... Qa5 10. Bd2 Bd7 $1 11. Qxg7 O-O-O $13 12. Qg4 $6 Qa4 13.
Nf3 Qxc2 14. Qf4 Qe4+ 15. Be2 cxd4 16. cxd4 Nf5 $17 {Drimer-Dückstein/Raach zt/
1969}) (9... Kf8 $14) 10. Bd3 Rh7 {N} 11. Qf4 c4 12. Bf1 (12. Bxf5 $1 exf5 13.
Ne2 $16) 12... Qa5 13. Bd2 Qb5 14. Bc1 Qa5 15. Qd2 f6 16. g4 Nfe7 17. f4 Bd7
18. Nf3 O-O-O 19. Bh3 Rf8 20. Bb2 fxe5 21. Nxe5 1/2-1/2

[Event "Sao Paulo zt"]
[Site "Sao Paulo"]
[Date "1993.??.??"]
[Round "7"]
[White "Van Riemsdijk, Herman Claudius"]
[Black "Panno, Oscar"]
[Result "1-0"]
[WhiteElo "2400"]
[BlackElo "2495"]
[Annotator "Knaak,R"]
[PlyCount "127"]
[EventDate "1993.??.??"]
[EventType "swiss"]
[EventRounds "9"]
[EventCountry "BRA"]
[SourceTitle "CBM 036"]
[Source "ChessBase"]
[SourceDate "1993.10.01"]
[SourceVersion "1"]
[SourceVersionDate "1993.10.01"]
[SourceQuality "1"]

1. e4 e6 2. d4 d5 3. Nc3 Bb4 4. e5 c5 5. a3 Bxc3+ 6. bxc3 Ne7 7. h4 Nbc6 8. h5
h6 9. Nf3 Qa5 10. Bd2 cxd4 11. cxd4 Qa4 12. c3 $10 (12. Bd3 $5) (12. Rb1 $5) (
12. Rh4 b6 $10) 12... Qxd1+ 13. Rxd1 Na5 14. Rb1 Bd7 15. Bd3 Rc8 16. Nh4 b6 17.
f4 (17. Rh3 $1 {/\ >< Pc3}) 17... Nc4 18. Bc1 Nf5 $5 (18... Na5) 19. Nxf5 exf5
20. Rg1 f6 $1 (20... Ke7 21. g4 fxg4 22. f5 $16) 21. Kf2 O-O 22. Re1 Rfe8 23.
Be2 Kf7 24. Bf3 Be6 25. Re2 Ke7 26. Rb5 Red8 27. Ra2 Na5 28. Bd2 Rc4 29. a4 Rc7
30. Ke2 Bf7 31. Kd3 Ke6 32. Bc1 Be8 33. Ba3 $6 (33. Rb1 Rdc8 34. Bb2 Nc4 35.
Ba1 $10) 33... Bxb5+ 34. axb5 Nc4 35. Bb4 fxe5 36. dxe5 Rdd7 37. Kd4 Nxe5 $2 (
37... Na5 38. g3 (38. Bxa5 $6 Rc4+ 39. Kd3 bxa5 40. g3 Rdc7 41. Ra3 R4c5 42.
Rxa5 Rxc3+ 43. Ke2 d4 $17) (38. Ke3 Rc4 $15) 38... Nb3+ 39. Ke3 Rc4 $15) 38.
fxe5 $16 Rc4+ 39. Kd3 Kxe5 40. Re2+ Re4 $6 41. Bxe4 dxe4+ 42. Kc2 Kf4 $6 (42...
f4 43. Rd2 Rf7) 43. Rd2 Rf7 44. Rd8 Kg3 45. Rf8 $1 Rxf8 46. Bxf8 e3 47. Kd3 Kf2
48. Be7 f4 49. Bh4+ Kxg2 50. Ke4 Kh3 51. Be1 Kg4 52. c4 Kxh5 53. Kxf4 e2 54.
Kf3 Kg5 55. Kxe2 Kf4 56. Kd3 h5 57. Bf2 g5 58. Be3+ Kf5 59. c5 bxc5 60. Bxc5
Ke6 61. Ke4 h4 62. Bxa7 h3 63. Bb8 g4 64. Be5 1-0

[Event "Stockholm"]
[Site "Stockholm"]
[Date "1990.??.??"]
[Round "?"]
[White "Benjamin, Joel"]
[Black "Karlsson, Lars"]
[Result "1-0"]
[WhiteElo "2560"]
[BlackElo "2495"]
[Annotator "Knaak,R"]
[PlyCount "71"]
[EventDate "1990.??.??"]
[EventType "tourn"]
[EventRounds "9"]
[EventCountry "SWE"]
[EventCategory "11"]
[SourceTitle "CBM 022"]
[Source "ChessBase"]
[SourceDate "1991.06.01"]
[SourceVersion "1"]
[SourceVersionDate "1991.06.01"]
[SourceQuality "1"]

1. e4 e6 2. d4 d5 3. Nc3 Bb4 4. e5 c5 5. a3 Ba5 6. b4 cxd4 7. Nb5 Bc7 8. f4 Nc6
(8... Nh6 9. Nf3 Bd7 10. Nxc7+ Qxc7 {/\ a5}) 9. Nxc7+ Qxc7 10. Bd3 Nh6 11. Nf3
Nf5 12. Bb2 Bd7 13. Qe2 a6 (13... Rc8 14. O-O O-O 15. Rf2 a6 16. g4 Ne3 17.
Nxd4 Nc4 18. Nxc6 Bxc6 19. Bd4 $16 {Lanc-Schmidt,Wl/Prague Bohemians/1989/
CBM12 S.59}) 14. O-O Ne3 15. Rfc1 Nf5 (15... Nc4 $5 16. Bxc4 dxc4 17. Qxc4 Rc8
18. Nxd4 {+/-/}) 16. Qf2 O-O 17. c3 $5 dxc3 18. Rxc3 Qd8 19. Re1 d4 20. Rc5
Nce7 21. g4 Nh6 22. h3 $16 Bb5 23. Bxb5 axb5 24. Nxd4 b6 25. Rc3 Nd5 26. Rf3
Qd7 27. f5 Rfe8 28. Rf1 Nc7 29. Qh4 Qd5 30. f6 Qxe5 31. fxg7 Qxg7 32. g5 e5 33.
Rg3 Ng4 34. Nf5 Qf8 35. Qxg4 Ne6 36. Nh6+ 1-0

[Event "Groningen op"]
[Site "Groningen"]
[Date "1990.??.??"]
[Round "6"]
[White "Steinbacher, Matthias"]
[Black "Russek Libni, Guil"]
[Result "1-0"]
[WhiteElo "2370"]
[BlackElo "2320"]
[Annotator "Knaak,R"]
[PlyCount "35"]
[EventDate "1990.??.??"]
[EventType "swiss"]
[EventRounds "9"]
[EventCountry "NED"]
[SourceTitle "CBM 022"]
[Source "ChessBase"]
[SourceDate "1991.06.01"]
[SourceVersion "1"]
[SourceVersionDate "1991.06.01"]
[SourceQuality "1"]

1. e4 e6 2. d4 d5 3. Nc3 Bb4 4. e5 Ne7 5. a3 Bxc3+ 6. bxc3 c5 7. h4 Qc7 8. Rh3
Bd7 $6 (8... b6 {/\ Ba6}) 9. a4 Nbc6 10. Ba3 b6 11. h5 Na5 12. Qg4 $16 Rg8 13.
Bd3 Nf5 14. Ne2 Nc4 15. Qf4 $1 {/\ 16.g4, 16.Bf5 ef5 17.e6} Nxa3 16. Rxa3 c4 $2
17. Bxf5 exf5 18. e6 1-0

[Event "Balkaniad"]
[Site "Kavala"]
[Date "1990.??.??"]
[Round "4"]
[White "Cabrilo, Goran"]
[Black "Dimitrov, Vladimir"]
[Result "1/2-1/2"]
[WhiteElo "2485"]
[BlackElo "2480"]
[Annotator "Knaak,R"]
[PlyCount "50"]
[EventDate "1990.10.??"]
[EventType "team"]
[EventRounds "6"]
[EventCountry "GRE"]
[SourceTitle "CBM 021"]
[Source "ChessBase"]
[SourceDate "1991.04.01"]
[SourceVersion "1"]
[SourceVersionDate "1991.04.01"]
[SourceQuality "1"]

1. e4 e6 2. d4 d5 3. Nc3 Bb4 4. e5 c5 5. a3 Ba5 6. Bd2 Nc6 7. Nb5 Nxd4 $10 8.
Nxd4 cxd4 9. Bb5+ Bd7 10. Bxd7+ Kxd7 11. Nf3 Bb6 12. c4 dxc3 13. Qa4+ Kc7 14.
Bxc3 Rc8 15. Qg4 Ne7 16. Qxg7 Qg8 $1 (16... Qd7 17. Qxf7 Rcf8 18. Qg7 Rfg8 19.
Qf6 Rf8 20. Qh4 $13 {Garcia,G-Arencibia,W/Bayamo/1989}) 17. Qxg8 Rhxg8 $15 18.
g3 Nf5 19. Ke2 Kd7 20. Rhc1 Rg4 21. Nd2 h5 22. h3 Rgg8 23. Nf3 Rc4 24. Rd1 Rgc8
25. Rd3 Rg8 1/2-1/2

[Event "Tilburg"]
[Site "Tilburg"]
[Date "1990.09.10"]
[Round "4"]
[White "Short, Nigel D"]
[Black "Ivanchuk, Vassily"]
[Result "1/2-1/2"]
[WhiteElo "2610"]
[BlackElo "2680"]
[Annotator "Knaak,R"]
[PlyCount "56"]
[EventDate "1990.09.??"]
[EventType "tourn"]
[EventRounds "14"]
[EventCountry "NED"]
[EventCategory "16"]
[SourceTitle "CBM 020"]
[Source "ChessBase"]
[SourceDate "1991.02.01"]
[SourceVersion "1"]
[SourceVersionDate "1991.02.01"]
[SourceQuality "1"]

1. e4 e6 2. d4 d5 3. Nc3 Bb4 4. e5 Ne7 5. a3 Bxc3+ 6. bxc3 c5 7. h4 Nbc6 8. h5
cxd4 9. cxd4 Qa5+ 10. Bd2 Qa4 11. Bc3 b6 12. Nf3 (12. h6 gxh6 13. Qd3 a5 14.
Qd2 Nf5 15. Rb1 Ncxd4 (15... Nfxd4 $5) 16. Kd1 Rg8 17. Rxb6 Bd7 18. Bxd4 Qxd4
19. Qxd4 Nxd4 20. Rxh6 $14 {Short-Korcnoi/Wijk-A/1987}) 12... Ba6 13. Bxa6 Qxa6
$10 14. a4 Rc8 15. Rh3 O-O 16. h6 g6 17. Qe2 Qxe2+ 18. Kxe2 f6 19. exf6 Rxf6
20. Kd3 Nf5 21. Re1 Nd6 22. Ng5 Rxf2 23. Rxe6 Nc4 24. Rg3 a5 25. Nh3 Rf1 26.
Rf3 Rd1+ 27. Ke2 Nxd4+ 28. Bxd4 Rd2+ {1.43-1.33} (28... Rd2+ 29. Ke1 Rxd4 30.
Ng5 Rh4 (30... Rg4 $2 31. Re7 $1 Rxg5 32. Rg7+ Kh8 33. Rff7 $18) 31. Rf7 Rxh6
32. Rd7 $44) 1/2-1/2

[Event "URS-ch U26"]
[Site "Minsk"]
[Date "1990.??.??"]
[Round "?"]
[White "Epishin, Vladimir"]
[Black "Ulybin, Mikhail"]
[Result "1-0"]
[WhiteElo "2550"]
[BlackElo "2500"]
[Annotator "Knaak,R"]
[PlyCount "69"]
[EventDate "1990.01.??"]
[EventType "tourn"]
[EventRounds "13"]
[EventCountry "URS"]
[EventCategory "10"]
[SourceTitle "CBM 017"]
[Source "ChessBase"]
[SourceDate "1990.08.01"]
[SourceVersion "1"]
[SourceVersionDate "1990.08.01"]
[SourceQuality "1"]

1. e4 e6 2. d4 d5 3. Nc3 Bb4 4. e5 c5 5. a3 Bxc3+ 6. bxc3 Ne7 7. Qg4 O-O 8. Bd3
f5 9. exf6 Rxf6 10. Bg5 Rf7 11. Qh5 $1 {11.Dh4 wurde mehr gespielt.} g6 (11...
h6 $6 12. Bh7+ Kxh7 (12... Kf8 $2 13. Bg6 $1 $18) 13. Qxf7 hxg5 14. Nf3 $16)
12. Qd1 $1 {Die Idee von Sax mit den eingeschobenen Zügen Lg5 und Tf7. Das
könnte für Schwarz zum Problem werden.} Qa5 (12... Qf8 13. Nf3 Nbc6 14. O-O Nf5
15. Ne5 Nxe5 16. dxe5 c4 17. Bxf5 gxf5 18. Bf6 $16 {Tatei-Luce/Pau/1988}) 13.
Bd2 Nbc6 14. Nf3 Bd7 15. h4 $1 {Im Unterschied zur Partie Sax-Ehlvest/
Reykjavik/1988/1-0/(CBM10) steht der schwarze Turm auf f7 und erlaubt evtl.
Sg5 mit Tempo.} e5 $5 16. c4 $1 (16. Nxe5 Nxe5 17. dxe5 $13) 16... Qa4 17. Ng5
dxc4 (17... Rff8 18. Nxh7 $1 $40) 18. Be4 Bf5 19. Nxf7 Bxe4 20. Qg4 $1 c3 21.
Bg5 $18 Bf5 22. Nh6+ Kf8 (22... Kg7 23. Bf6+ $1 Kxf6 24. dxe5+ $18) 23. Bxe7+
Nxe7 24. Qg5 Kg7 25. Qxe7+ Kxh6 26. h5 Qe8 27. hxg6+ Kxg6 28. Qxh7+ Kf6 29.
Rh6+ Kg5 30. Qg7+ Bg6 31. dxe5 Qe6 32. f4+ Kf5 33. g4+ Kxf4 34. Rxg6 Qd5 35.
Qf6+ 1-0

[Event "URS-ch U26"]
[Site "Minsk"]
[Date "1990.??.??"]
[Round "?"]
[White "Kruppa, Yuri"]
[Black "Piskov, Yury"]
[Result "1-0"]
[WhiteElo "2460"]
[BlackElo "2445"]
[Annotator "Knaak,R"]
[PlyCount "99"]
[EventDate "1990.01.??"]
[EventType "tourn"]
[EventRounds "13"]
[EventCountry "URS"]
[EventCategory "10"]
[SourceTitle "CBM 017"]
[Source "ChessBase"]
[SourceDate "1990.08.01"]
[SourceVersion "1"]
[SourceVersionDate "1990.08.01"]
[SourceQuality "1"]

1. e4 e6 2. d4 d5 3. Nc3 Bb4 4. e5 Ne7 5. a3 Bxc3+ 6. bxc3 c5 7. Qg4 O-O 8. Bd3
f5 9. exf6 Rxf6 10. Bg5 Nd7 $6 {N; Im Falle der sofortigen Annahme des
Qualitätsopfers hat Schwarz gutes Spiel gegen c3 und d4. Doch statt 8.Sf3 hat
Weiß 8.Ld3 gespielt und kann dadurch ein wichtiges Tempo gewinnen.} 11. Qh4 $1
(11. Bxf6 Nxf6 12. Qf4 Qa5 13. Qd2 c4 14. Be2 Ne4 $44) 11... h6 12. Bxf6 Nxf6
13. dxc5 $14 e5 14. f3 e4 (14... Qa5 $6 15. Qb4 $16) 15. fxe4 Qa5 $6 (15...
dxe4 $5 16. Bxe4 $5 (16. Bc4+ $14) 16... Qe8 $1 17. O-O-O (17. Ne2 $6 Bg4 18.
Bf3 Nf5 19. Qf2 Ne3 $44) 17... Bg4 18. Bf3 Qa4 $13) 16. Ne2 dxe4 17. Bxe4 $1
Bg4 (17... g5 18. Qxh6 Nxe4 19. O-O Qxc5+ 20. Nd4 $40) 18. Bf3 Nf5 19. Qf2 Bxf3
20. gxf3 Re8 21. O-O Ne3 {Ein Zug zu spät. Weiß hat mit diesem Springer keine
Probleme.} 22. Rfb1 Qxc5 23. Rxb7 Re5 24. Rab1 a6 25. Ng3 Qc6 26. R7b6 Qc7 27.
Qd2 Re8 28. Ne4 Nfd5 29. R6b4 Qf4 30. Qd4 Re5 31. Ng3 Qg5 32. Rb8+ Kh7 33. Qd3+
Nf5 34. Rf8 Nde7 35. f4 Qxf4 36. Rf1 Qe3+ 37. Qxe3 Nxe3 38. Re1 Ng6 39. Rf2 Nc4
40. Rxe5 Ngxe5 41. a4 a5 42. Ne4 g5 43. Rf6 g4 44. Kf2 h5 45. Nd6 Nb6 46. Rf5
Nbd7 47. Rxh5+ Kg6 48. Rf5 Nc4 49. Rf4 Nce5 50. Nc4 1-0

[Event "Skei"]
[Site "Skei"]
[Date "1993.??.??"]
[Round "5"]
[White "Hellers, Ferdinand"]
[Black "Djurhuus, Rune"]
[Result "1-0"]
[WhiteElo "2565"]
[BlackElo "2485"]
[Annotator "Knaak,R"]
[PlyCount "57"]
[EventDate "1993.??.??"]
[EventType "tourn"]
[EventRounds "9"]
[EventCountry "NOR"]
[EventCategory "10"]
[SourceTitle "CBM 036"]
[Source "ChessBase"]
[SourceDate "1993.10.01"]
[SourceVersion "1"]
[SourceVersionDate "1993.10.01"]
[SourceQuality "1"]

1. e4 {Tisdall} e6 2. d4 d5 3. Nc3 Bb4 4. e5 c5 5. a3 Bxc3+ 6. bxc3 Ne7 7. Qg4
cxd4 8. Qxg7 Rg8 9. Qxh7 Qc7 10. Ne2 dxc3 11. f4 Bd7 12. Qd3 Nbc6 13. Qxc3 Nf5
14. Rb1 d4 15. Qd3 O-O-O 16. Rg1 f6 17. g4 Nh4 18. exf6 Be8 (18... e5 $5) (
18... e5 $5 {Tisdall}) 19. Rg3 Bg6 $2 $146 {Von Nogueiras empfohlen. A
recommendation of Nogueiras.} (19... e5 20. g5 Bf7 21. Bh3+ $6 Kb8 22. fxe5
Nxe5 $19 {Sznapik,A-Nogueiras,J/Thessaloniki ol/1988/}) 20. f5 $1 $16 (20. Qc4
Bf7 {/\ e5-/+ (Nogueiras)}) 20... exf5 (20... Ne5 21. Qe4 exf5 22. gxf5 Bxf5
23. Qxh4 Qxc2 24. f7 $18) 21. Bf4 $1 Qa5+ (21... Ne5 {Tisdall} 22. Bxe5 (22.
Qb5 $5 Rge8 23. Rgb3) 22... Qxe5 23. Qc4+ Qc7 (23... Kb8 24. Rxb7+ $1 $18) 24.
Qxc7+ Kxc7 25. g5 $16) 22. Kf2 Qd5 (22... fxg4 23. Qb3 (23. Qc4 $1 {Tisdall
Hellers.} Rge8 (23... Qd5 24. Qxd5 Rxd5 25. Rxg4) 24. Rgb3) 23... b6 24. Rxg4
$16) 23. Qb5 Qd7 $6 (23... Qxb5 24. Rxb5 $16) 24. Rgb3 $18 b6 25. Qa6+ Qb7 26.
Qxb7+ Kxb7 27. Rh3 Rh8 28. g5 Bf7 29. Bg3 (29. Bg3 {Tisdall} Ng6 30. Rxh8 Rxh8
31. Bg2 $18) 1-0